Talent #1 /

Talent #1 In the vein of the supernatural TV show LOST! Bram Stoker-award winning writer Christopher Golden and novelist Tom Sneigoski join break-out new art talent Paul Azaceta to tell an innovative four issue mini-series. When flight 654 goes down, it takes 148 souls with it. But not Nicholas Dan...

Full description

Bibliographic Details
Corporate Author: Library Pass, LLC
Other Authors: Golden, Christopher (writer.), Sniegoski, Tom (writer.)
Format: eBook
Language:English
Published: [United States] : BOOM! Studios, 2011.
Subjects:
Online Access:Connect to this electronic book (First time users create your free account)

MARC

Tag First Indicator Second Indicator Subfields
LEADER 00000nmm a22000001a 4500
001 in00004627613
006 m|||||o||m||||||||
007 cr|cn |||uuuuu
008 221118s2011 xxu||||eo|||| ||||||eng d
005 20221207221814.7
035 |a (TxWaIVM)IV1611BOTa 
040 |a TxWaIVM  |c TxWaIVM 
245 0 0 |a Talent #1 /  |c powered by Library Pass. 
260 3 |a [United States] :  |b BOOM! Studios,  |c 2011. 
300 |a 1 online resource. 
336 |a text  |b txt  |2 rdacontent 
337 |a computer  |b c  |2 rdamedia 
338 |a online resource  |b cr  |2 rdacarrier 
520 |a Talent #1 In the vein of the supernatural TV show LOST! Bram Stoker-award winning writer Christopher Golden and novelist Tom Sneigoski join break-out new art talent Paul Azaceta to tell an innovative four issue mini-series. When flight 654 goes down, it takes 148 souls with it. But not Nicholas Dane. How did the 34 year old college professor survive -- was it a miracle? Now Nicholas finds that he has the memories and skills of one of the passengers from the flight -- a boxer -- and he's got to use them to survive! 
521 |a 4 
538 |a Requires a valid library card and registration for new users. 
538 |a Mode of access: World Wide Web. 
538 |a System requirements: Flash 10.1 or higher, Windows XP and higher, Internet Explorer 7 and higher, Firefox 3.6 and higher, Google Chrome; Max OS 10.5 and higher, Safari 4 and higher. 
650 0 |a Comic books, strips, etc. 
655 7 |a Electronic books.  |2 local 
655 7 |a Comic books, strips, etc.  |2 gsafd 
700 1 |a Golden, Christopher.  |e writer. 
700 1 |a Sniegoski, Tom.  |e writer. 
700 1 |a Azaceta, Paul.  |e artist. 
710 2 |a Library Pass, LLC. 
856 4 0 |u http://proxy.library.tamu.edu/login?url=https://tamu.librarypass.com/product/com.iversecomics.boom.studios.talent.one.02072011  |z Connect to this electronic book (First time users create your free account)  |t 0 
955 |a Comics Plus. 
999 f f |s 75a90553-30b9-44c2-85a0-62ac3089d3ca  |i 8355d202-080c-4885-a1b0-53ef7adaf8ac  |t 0 
952 f f |a Texas A&M University  |b College Station  |c Electronic Resources  |d Available Online  |t 0  |h Library of Congress classification 
998 f f |t 0  |l Available Online